Lands Chamber (Record no. 84548)

MARC details
000 -LEADER
fixed length control field 00954cab a22002055a 4500
001 - CONTROL NUMBER
control field L158281
008 - FIXED-LENGTH DATA ELEMENTS--GENERAL INFORMATION
fixed length control field 141121e2014 xxk 000 0 eng d
035 ## - SYSTEM CONTROL NUMBER
System control number (Sirsi) u158281
041 0# - LANGUAGE CODE
Language code of text/sound track or separate title eng
100 1# - MAIN ENTRY--PERSONAL NAME
Personal name Lewsley, Christopher
245 00 - TITLE STATEMENT
Title Lands Chamber
Remainder of title Jurisdiction and procedure
260 ## - PUBLICATION, DISTRIBUTION, ETC.
Date of publication, distribution, etc. 2014
490 ## - SERIES STATEMENT
Series statement Rating and Valuation Reporter
Volume/sequential designation 54(11) November 2014, 294-296(3)
520 ## - SUMMARY, ETC.
Summary, etc. Outlines the history of the Lands Tribunal established by the Lands Tribunal Act 1949 replaced by the Lands Tribunal (Upper Chamber) in 2008 by the Tribunals, Courts and Enforcement Act 2007. Explains the jurisdiction and procedure of the Lands Tribunal (Upper Chambers) with reference to some decisions which have established principles of procedure and jurisdiction.
650 24 - SUBJECT ADDED ENTRY--TOPICAL TERM
Topical term or geographic name entry element LANDS TRIBUNAL ACT 1949
650 24 - SUBJECT ADDED ENTRY--TOPICAL TERM
Topical term or geographic name entry element TRIBUNALS, COURTS AND ENFORCEMENT ACT 2007
650 24 - SUBJECT ADDED ENTRY--TOPICAL TERM
Topical term or geographic name entry element JOHNSON(VO) V H&B FOODS LTD
690 ## - LOCAL SUBJECT ADDED ENTRY--TOPICAL TERM (OCLC, RLIN)
Topical term or geographic name as entry element Valuation
9 (RLIN) 6273
942 ## - ADDED ENTRY ELEMENTS (KOHA)
Suppress in OPAC 0
Holdings
Withdrawn status Lost status Source of classification or shelving scheme Damaged status Not for loan Home library Current library Shelving location Date acquired Total Checkouts Full call number Barcode Date last seen Copy number Price effective from Koha item type
    Dewey Decimal Classification     London London Journals 21/11/2014   L158281 158281-1001 06/08/2019 1 06/08/2019 Journal article